Промышленные теплоэнергетические и криогенные системы: [тематический сборник]

書誌詳細
団体著者: Московский энергетический институт
その他の著者: Соколов Е. Я. (редактор), Корнеичев А. И.
言語:ロシア語
出版事項: Москва, Изд-во МЭИ, 1973
シリーズ:Труды Московского энергетического института (МЭИ) Вып. 155
主題:
フォーマット: 図書
KOHA link:https://koha.lib.tpu.ru/cgi-bin/koha/opac-detail.pl?biblionumber=360298

MARC

LEADER 00000nam0a2200000 4500
001 360298
005 20250211063214.0
035 |a (RuTPU)RU\TPU\retro\17623 
035 |a RU\TPU\retro\17622 
090 |a 360298 
100 |a 20210325d1973 k y0rusy5003 ca 
101 0 |a rus 
102 |a RU 
105 |a y z 001zy 
200 1 |a Промышленные теплоэнергетические и криогенные системы  |e [тематический сборник]  |f Московский энергетический институт ; под ред. Е. Я. Соколова ; под ред. А. И. Корнеичева 
210 |a Москва  |c Изд-во МЭИ  |d 1973 
215 |a 169 с.  |c табл., ил. 
225 1 |a Труды Московского энергетического института (МЭИ)  |v Вып. 155 
320 |a Библиогр. в конце ст. 
500 1 0 |a Труды Московского энергетического института  |9 88841 
606 1 |a Теплоэнергетические установки  |2 stltpush  |3 (RuTPU)RU\TPU\subj\59827  |9 77324 
606 1 |a Криогенная техника  |2 stltpush  |3 (RuTPU)RU\TPU\subj\16267 
610 1 |a кафедра "Промышленных Теплоэнергетических и Криогенных систем" 
610 1 |a теплоинерционные характеристики 
610 1 |a здания 
610 1 |a ТЭЦ 
610 1 |a турбоагрегаты 
610 1 |a установка 
610 1 |a технико-экономические показатели 
610 1 |a компрессорные станции 
610 1 |a ГТУ 
610 1 |a тепловыделяющие объекты 
610 1 |a рациональное использование 
610 1 |a реальный газ 
610 1 |a сжатый воздух 
610 1 |a установки 
610 1 |a регенеративный подогрев 
610 1 |a режимы работы 
610 1 |a механическая термокомпрессия 
610 1 |a экономическая эффективность 
610 1 |a многокомпонентные смеси 
610 1 |a криогенные эжекторы 
610 1 |a дроссельные циклы 
610 1 |a гидродинамический анализ 
610 1 |a криогенные элементы 
610 1 |a критические параметры 
610 1 |a криорефрижераторы 
610 1 |a воздухоразделительные установки 
610 1 |a детандеры 
675 |a 621.59  |v 3 
675 |a 621.1.002.5  |v 3 
702 1 |a Соколов  |b Е. Я.  |4 340 
702 1 |a Корнеичев  |b А. И.  |4 340 
712 0 2 |a Московский энергетический институт  |c (1930-1992)  |3 (RuTPU)RU\TPU\col\20092  |9 27693 
801 0 |a RU  |b 63413507  |c 19950704  |g psbo 
801 1 |a RU  |b 63413507  |c 20060118  |g PSBO 
801 2 |a RU  |b 63413507  |c 20220208  |g PSBO 
942 |c BK